| 000 | 01178 a2200277 4500 | ||
|---|---|---|---|
| 003 | OSt | ||
| 005 | 20180116192358.0 | ||
| 008 | 120524t xxu||||| |||| 00| 0 eng d | ||
| 010 | _a 2009016550 | ||
| 020 | _a9780470473559 (paper/website) | ||
| 040 | _c0 | ||
| 082 | 0 | 0 | _a720.2840285536 |
| 100 | 1 |
_aDzambazova, Tatjana. _92029 |
|
| 245 | 1 | 0 |
_aIntroducing Revit architecture 2010 : _bBIM for beginners / _cTatjana Dzambazova, Eddy Krygiel, Greg Demchak. |
| 246 | 3 | 0 | _aBIM for beginners |
| 250 | _a1st ed. | ||
| 260 |
_aIndianapolis, Ind. : _bWiley Pub., _c2009. |
||
| 300 |
_a480 p . : _bill. ; _c26 cm. |
||
| 505 | 0 | _aUnderstanding BIM -- Getting acquainted : interface and file types -- Views -- Modeling basics -- Modifying elements -- Extended modeling -- Working with other applications -- Preparing docs for clients -- Sheets -- Annotations. | |
| 650 | 1 | 0 |
_aArchitectural drawing _xComputer-aided design. _92030 |
| 650 | 1 | 0 |
_aArchitectural design _xData processing. _92031 |
| 700 | 1 |
_aKrygiel, Eddy, _d1972- _92032 |
|
| 700 | 1 |
_aDemchak, Greg. _92033 |
|
| 942 |
_aSADA _cBK _k720.2840285536 DZE 2009 _2ddc |
||
| 999 |
_c353207 _d353207 |
||